Tratado didáctico de fisiología humana
Contiene: Tomo I: Fisiología general, fisiología de los órganos de la vida vegetativa, Tomo II primera y segunda Parte: Fisiología de los órganos de la vida animal
| Autore principale: | |
|---|---|
| Natura: | Libro |
| Lingua: | Spanish |
| Soggetti: |
MARC
| LEADER | 000000am a2200000 a 4500 | ||
|---|---|---|---|
| 001 | 95 | ||
| 005 | 20230308180353.0 | ||
| 008 | 945061| ||||||||r|||||||||||spa|| | ||
| 040 | |b spa | ||
| 041 | 0 | |a Es | |
| 082 | 0 | |a 612 |b Luc | |
| 100 | 1 | |a Luciani, Luigi |9 87213 | |
| 245 | 1 | 1 | |a Tratado didáctico de fisiología humana |c Luigi Luciani |h imp |
| 264 | |a Barcelona |b Antonio Virgili |c s.f. | ||
| 300 | |a 3 t. |b ilus., tbls. | ||
| 504 | |a incl. ref. | ||
| 520 | 3 | |a Contiene: Tomo I: Fisiología general, fisiología de los órganos de la vida vegetativa, Tomo II primera y segunda Parte: Fisiología de los órganos de la vida animal | |
| 650 | 1 | 0 | |a Fisiología |9 14391 |
| 852 | |a UC-SALUD |f compra |k teresa.bermeoh |l 1 |m General |p 19450618 |q S/. 150 |t 95 |b 0 |d CDRS |e CDRS |g 612 Luc |z 1945-50-61 | ||
| 942 | |c BK | ||
| 999 | |c 52621 |d 52621 | ||